Normal view
MARC view
- Jones, Colin J. F. P
Entry Personal Name
001 - CONTROL NUMBER
- control field: 42786
003 - CONTROL NUMBER IDENTIFIER
- control field: NUST
005 - DATE AND TIME OF LATEST TRANSACTION
- control field: 20210314132424.0
008 - FIXED-LENGTH DATA ELEMENTS
- fixed length control field: 210314|| aca||aabn | a|a d
040 ## - CATALOGING SOURCE
- Original cataloging agency: NUST
- Transcribing agency: NUST
100 ## - HEADING--PERSONAL NAME
- Personal name: Jones, Colin J. F. P
670 ## - SOURCE DATA FOUND
- Source citation: Work cat.: (NUST): Jones, Colin J. F. P., Earth reinforcement and soil structures /, 1985.
